000 00521cam a2200157 4500
008 000000n2001 000 0 eng u
020 _a01107535710
035 _a(Sirsi) u110706
110 _aUnited Kingdom
_bDepartment of the Environment, Transport and the Regions
_93507
245 _aConsolidated circulars 2000.
260 _aLondon
_bStationery Office
_c2001
300 _a(302)p. ; 30cm.
350 _a35.00
520 _aLoan copies of individual circulars retained. See under individual titles.
942 _n0
999 _c101126
_d101126